Éphémérides astronomiques 2005 : connaissance des temps

Gespeichert in:
Bibliographische Detailangaben
Format: Buch
Sprache:Vietnamese
Veröffentlicht: EDP sciences 2004
Tags: Tag hinzufügen
Keine Tags, Fügen Sie den ersten Tag hinzu!
Thư viện lưu trữ: Mạng thư viện Đại học Đà Nẵng
LEADER 00676nam a2200241 4500
001 000021526
003 17974
005 20150422080443.0
008 150422s2004 viesd
020 |c 00 
041 0 |a vie 
082 1 4 |a 528  |b Ep-A 
245 1 0 |a Éphémérides astronomiques 2005 : connaissance des temps  |c Bureau des longitudes, Institut de mécanique céleste et de calcul des éphémérides 
260 |b EDP sciences  |c 2004 
300 |a tr.  |c cm. 
OWN |a LSP 
999 |a From the UDN01 
TYP |a Monograph 
TYP |a Printed language 
980 |a Mạng thư viện Đại học Đà Nẵng